000 00814cab a2200217 4500
001 WB3509-34
008 090401t1999 xxu||||| |||| 00| 0 eng d
035 _a(Sirsi) u91736
041 _aeng
245 _aBuy-to-let oversupply
260 _c1999
350 _a0
490 _aSunday Business
_v28 February 1999, 26(1)
520 _aHighlights the popularity of individuals wishing to invest in residential property as ARLA`s latest Buy-to-Let figures reveal. Outlines the pitfalls to those wishing to invest without using the services of a professional letting agent.
650 _aARLA
650 _aBUY-TO-LET MORTGAGES
650 _aRESIDENTIAL PROPERTY
_96266
690 _aPROPERTY-RESIDENTIAL PROPERTY-RESIDENTIAL LANDLORD AND TENANT-RESIDENTIAL TENANCIES
942 _n0
948 _c03/03/1999
999 _c58227
_d58227